[Event "Regionalliga SW 1213"]
[Site "Bayern"]
[Date "2012.11.25"]
[Round "3.6"]
[White "Pitl, Johannes"]
[Black "Lux, Werner"]
[Result "1-0"]
[WhiteElo "1822"]
[BlackElo "2017"]
[PlyCount "143"]
[EventDate "2012.10.14"]
[EventType "team-tourn"]
[EventRounds "9"]
[EventCountry "GER"]
[SourceTitle "EXT 2015"]
[Source "ChessBase"]
[SourceDate "2014.11.20"]
[SourceVersion "1"]
[SourceVersionDate "2014.11.20"]
[SourceQuality "1"]
[WhiteTeam "Goeggingen"]
[BlackTeam "Tuerkheim/Bad Woerishofen"]
[WhiteTeamCountry "GER"]
[BlackTeamCountry "GER"]

1. c4 Nf6 2. Nc3 g6 3. d4 Bg7 4. e4 d6 5. h3 0-0 6. Bg5 h6 7. Be3 e5 8. d5 Ne8 9. Qd2 Kh7 10. g4 Na6 11. 0-0-0 Bd7 12. g5 h5 13. f4 exf4 14. Bxf4 Nc5 15. Re1 Be5 16. Bxe5 dxe5 17. Nf3 Qe7 18. Qh2 f6 19. gxf6 Qxf6 20. Nxe5 Qh4 21. Qd2 Rf2 22. Re2 Rxe2 23. Bxe2 Nxe4 24. Nf3 Nxd2 25. Nxh4 g5 26. Ng2 Nxc4 27. Bxc4 Nd6 28. Bd3+ Kg7 29. Ne3 Rf8 30. Kd2 Rf2+ 31. Be2 Kg6 32. Ke1 Rf4 33. Bd3+ Kf6 34. Rf1 Bxh3 35. Rxf4+ gxf4 36. Nc4 a6 37. Ne4+ Ke7 38. Kf2 Bg4 39. Ncxd6 cxd6 40. Ng5 Kf6 41. Nf3 Bd7 42. Bc4 Bg4 43. Bb3 Bd7 44. Nd2 b5 45. Ne4+ Ke5 46. Ng5 Kf6 47. Ne6 Ke5 48. Ng5 Kf6 49. Ne6 Ke5 50. Kf3 a5 51. a3 a4 52. Ba2 Bc8 53. Nxf4 Bg4+ 54. Ke3 Bd1 55. Bb1 h4 56. Be4 Bb3 57. Ng6+ Kf6 58. Nxh4 Ke5 59. Nf3+ Kf6 60. Nd4 Bc4 61. Nf3 Ke7 62. Kd4 Kd7 63. Bd3 Bxd3 64. Kxd3 Kc7 65. Kd4 Kb6 66. Ne1 Ka6 67. Nd3 Ka5 68. Nb4 Kb6 69. Nc6 Kc7 70. Ne7 Kb6 71. Nf5 Kc7 72. Kc3 1-0

[Event "Regionalliga SW 0910"]
[Site "Bayern"]
[Date "2009.11.15"]
[Round "2.7"]
[White "Pitl, Johannes"]
[Black "Mattes, Heinz"]
[Result "1/2-1/2"]
[WhiteElo "1842"]
[BlackElo "1908"]
[PlyCount "25"]
[EventDate "2009.10.18"]
[EventType "team-tourn"]
[EventRounds "9"]
[EventCountry "GER"]
[SourceTitle "EXT 2011"]
[Source "ChessBase"]
[SourceDate "2010.11.26"]
[SourceVersion "1"]
[SourceVersionDate "2010.11.26"]
[SourceQuality "1"]
[WhiteTeam "Goeggingen"]
[BlackTeam "Muenchen Siemens"]
[WhiteTeamCountry "GER"]
[BlackTeamCountry "GER"]

1. c4 Nf6 2. d4 g6 3. Nc3 Bg7 4. e4 d6 5. h3 0-0 6. Bg5 c5 7. d5 Nbd7 8. Qd2 Qa5 9. Be2 a6 10. a4 Rb8 11. Nf3 b5 12. cxb5 axb5 13. Nxb5 1/2-1/2